Southville International School and Colleges
Your cart is empty.
  • Cart
  • Lists
    Public lists Eva Luna New books Lux_list list_1
    Your lists Log in to create your own lists
  • Log in to your account
  • Your cookies
  • Search history
Southville International School and Colleges
  • Advanced search
  • Recent comments
  • Most popular
  • Libraries

Log in to your account

Log in with GOOGLE


If you do not have an external account, but do have a local account, you can still log in:

  1. Home
  2. MARC view: Technical writing for success /
Normal view MARC view ISBD view

Technical writing for success / (Record no. 16002)

[ view plain ]
MARC details
000 -LEADER
fixed length control field 00621nam a22002177a 4500
003 - CONTROL NUMBER IDENTIFIER
control field OSt
005 - DATE AND TIME OF LATEST TRANSACTION
control field 20140310182802.0
008 - FIXED-LENGTH DATA ELEMENTS--GENERAL INFORMATION
fixed length control field 130213t xxu||||| |||| 00| 0 eng d
020 ## - INTERNATIONAL STANDARD BOOK NUMBER
International Standard Book Number 9780538450881
050 ## - LIBRARY OF CONGRESS CALL NUMBER
Classification number T11
Item number .Sm642 2011
082 ## - DEWEY DECIMAL CLASSIFICATION NUMBER
Classification number M 808.0666
Item number J46 2011
245 ## - TITLE STATEMENT
Title Technical writing for success /
Statement of responsibility, etc Darlene Smith-Worthington,
250 ## - EDITION STATEMENT
Edition statement international ed.
260 ## - PUBLICATION, DISTRIBUTION, ETC. (IMPRINT)
Place of publication, distribution, etc Mason, OH :
Name of publisher, distributor, etc South-Western, Cengage Learning,
Date of publication, distribution, etc c2011.
300 ## - PHYSICAL DESCRIPTION
Extent xi, 449 p. :
Dimensions 29 cm.
Other physical details ill. col. ;
521 ## - TARGET AUDIENCE NOTE
Target audience note
526 ## - STUDY PROGRAM INFORMATION NOTE
Reading level 1210L-1700L
541 ## - IMMEDIATE SOURCE OF ACQUISITION NOTE
-- 1
562 ## - COPY AND VERSION IDENTIFICATION NOTE
Number of copies 1
942 ## - ADDED ENTRY ELEMENTS (KOHA)
Source of classification or shelving scheme Library of Congress Classification
Koha item type Books
Call number prefix
Holdings
Withdrawn status Lost status Source of classification or shelving scheme Damaged status Home library Current library Shelving location Date acquired Total Checkouts Total Renewals Full call number Barcode Date last seen Date checked out Copy number Price effective from Koha item type
    Library of Congress Classification   College Library College Library General Circulation Section 02/13/2013 1 6 T 11 .Sm642 2011 c15985 05/15/2018 11/15/2016 1 11/14/2013 Books

Technical writing for success /

APA

(2011). Technical writing for success. Mason, OH: South-Western, Cengage Learning.

Chicago

2011. Technical writing for success. Mason, OH: South-Western, Cengage Learning.

Harvard

(2011). Technical writing for success. Mason, OH: South-Western, Cengage Learning.

MLA

Technical writing for success. Mason, OH: South-Western, Cengage Learning. 2011.

  • Place hold
  • Print
  • Cite
  • Add to your cart (remove)
  • Save record
    BIBTEX Dublin Core MARCXML MARC (non-Unicode/MARC-8) MARC (Unicode/UTF-8) MARC (Unicode/UTF-8, Standard) MODS (XML) RIS
  • More searches
    Search for this title in:
    Other Libraries (WorldCat) Other Databases (Google Scholar) Online Stores (Bookfinder.com) Open Library (openlibrary.org)

Exporting to Dublin Core...

SOUTHVILLE LIBRARY

Southville International School and Colleges Library

1281 Tropical Ave. Cor. Luxembourg St., BF Homes International, Las Pinas City

Tel. No. 8256374 / 252358 Loc. 117/146

Powered by Koha